| 000 | 00470nam a2200169Ia 4500 | ||
|---|---|---|---|
| 005 | 20250508160851.0 | ||
| 008 | 008 250505s9999 xx 000 0 hin d | ||
| 037 | _aBooks to be hide in OPAC | ||
| 040 |
_aFEDL _beng _cFEDL |
||
| 041 |
_ahin _2eng |
||
| 084 |
_a371.2, AGR/O _qFEDL |
||
| 100 |
_aAgarwal J C _9102617 |
||
| 245 | 0 | _aVidhyala prashashan tatha swasthya shiksha | |
| 300 | _a289p. | ||
| 942 |
_cHB _h371.2, AGR/O |
||
| 999 |
_c1367082 _d1367082 |
||